| 000 | 00427nam a2200157Ia 4500 | ||
|---|---|---|---|
| 008 | 240729s9999 xx 000 0 und d | ||
| 022 | _a2166-6482 | ||
| 245 | 0 | _aPediatric Neurology Briefs | |
| 260 | _aUnited States | ||
| 260 | _bPediatric Neurology Briefs Publishers | ||
| 650 | _a Pediatrics | ||
| 650 | _aMedicine | ||
| 856 | _uhttps://doaj.org/toc/5c9c11b4702043d7b4ed612ade90e059 | ||
| 942 | _2ddc | ||
| 942 | _cDOAJEJ | ||
| 999 |
_c65786 _d65786 |
||
| 945 |
_a1 _bMadushi Gamage _c1 _dMadushi Gamage |
||